000 00772cam a22001934a 4500
005 20250605164335.0
008 250528s ||||||||||||||||||||||||d
035 _a23408
040 _aGR-AtMCL
_bgre
_dGR-AtMCL
_eAACR2
245 1 _aThe Effect of Gender and Music on Mathematic Skills Performance on Adult Population.
260 _c2014
300 _a57
520 _aIntroduction, Methods, Results, DIscussion References, Appendix, Information Sheet, Consent Form, Demographic Questionnaire, Task Page 1, Task Page 2, Task Page 3, De-Brifing Sheet, SPSS - Results from Explore, SPSS Result from General Linear Model, References.
700 1 _aAfentouli Panagiota
_98929
700 1 _aIsaakidi Dimitra
_98975
942 _cDS
999 _c8428
_d8428